Statistics for Nederlandse exoniemen

Click here to take the quiz!

General Stats

  • This quiz has been taken 64 times
  • The average score is 8 of 24

Answer Stats

ExoniemPlaatselijke naam% Correct
BerlijnBerlin
100%
LondenLondon
98%
KeulenKöln
77%
LuikLiège
77%
PekingBeijing
70%
WenenWien
54%
StraatsburgStrasbourg
51%
AbberdaanAberdeen
46%
NapelsNapoli
46%
TurijnTorino
44%
HaiderabadHyderabad
26%
GotenburgGöteborg
19%
BelgradoBeograd
16%
BoekarestBucureşti
14%
BozenBolzano
12%
DuinkerkeDunkerque
12%
Bergen (Henegouwen)Mons
12%
PleimuidenPlymouth
9%
KantelbergCanterbury
5%
BreslauWrocław
5%
HavanaLa Habana
4%
Khartoemal-Hartum
2%
HindeloopenHylpen
2%
TimboektoeTombouctou
2%

Score Distribution

Percentile by Number Answered

Percent of People with Each Score

Your Score History

You have not taken this quiz